Spell the Marvel Character #326 - Statistics

General Stats
  • This quiz has been taken 9 times
  • The average score is 10 of 11
Answer Stats
Picture Answer % Correct
America Chavez
100%
Black Widow
100%
Elektra
100%
Rogue
100%
Thena
100%
Tigra
100%
Battlestar
89%
Lightspeed
89%
Shanna
89%
Thundra
89%
Abigail Brand
78%
No matching quizzes found
Score Distribution
Percent of People with Each Score
Percentile by Number Answered
Your Score History
You have not taken this quiz